000 03421cam a22006014i 4500
003 PE-LiUPU
005 20250731173046.0
008 980619s1998 gau rb 001 0 eng d
020 _a9780788504884
_q(pbk. ;
_qalk. paper)
035 _a(Sirsi) i9780788504884
035 _a(OCoLC)39455874
040 _aDLC
_bspa
_cDLC
_dNLGGC
_dBTCTA
_dYDXCP
_dBAKER
_dTLE
_dDEBBG
_dCS1
_dCOCUF
_dOCLCF
_dOCLCQ
_dPE-LiUPU
_erda
041 1 _aeng
_hine
049 _aPRUA
050 0 0 _aBL2370.H5
_bH57 1998
082 0 0 _a299.199
_bH5
_221
100 1 _aHoffner, Harry A.,
_eautor.
245 1 0 _aHittite myths /
_cby Harry A. Hoffner, Jr. ; edited by Gary M. Beckman.
250 _aSecond edition.
264 1 _aAtlanta, Georgia :
_bScholars Press,
_c1998.
300 _aix, 120 páginas ;
_c23 centímetros
336 _atext
_2rdacontent
337 _aunmediated
_2rdamedia
338 _avolume
_2rdacarrier
490 1 _aWritings from the ancient world ;
_vno 2
504 _aBibliografía : páginas 239-282.
504 _aÍndices : páginas 283-317.
505 0 _aThe Illuyanka tales -- The disappearance of Telipinu --The disappearance of the storm god -- Sacrifice and prayer to the storm god of Nerik -- Myths of lost storm gods -- Telipinu and the daughter of the sea god -- The disappearance of the sun god -- The disappearance of Hannahanna -- Myths of the goddess Inara -- Kamrusepa myths -- The voyage of the immortal human soul -- When the storm god thunders frightfully -- Fragments of myths about lost and found deities -- The song of Kumarbi -- The song of the god Lamma -- The song of Silver -- The song of Hedammu -- The song of Ullikummi -- The song of release -- A tale of two cities : Kanesh and Zalpa -- Appu and his two sons -- The sun god, the cow, and the fisherman -- The hunter Kessi and his beautiful wife -- Elkunirsa and Ashertu.
520 1 _a"This work contains the first English translations of a collection of Hittite myths. The translations are based on the original tablets on which the myths were written, and take into account recent textual discoveries and published studies on the texts. Revised and augmented, this second edition includes additional introductions to each myth and a newly published Hurrian myth, "The Song of Release," dealing with legal and social institutions in ancient Babylonia and Israel. Accessible to nonspecialists, the translations also preserve column and line count for the convenience of scholars."--Jacket.
526 _aSEG42
526 _aSEG41
526 _aSEG40
526 _aSEG39
526 _aP94
526 _aP87
526 _aP86
526 _aP85
526 _aP77
526 _aP76
526 _aP35
650 4 _aMitología Hitita.
650 4 _aMitología.
_93296
650 4 _aHititas.
700 1 _aBeckman, Gary M.,
_eeditor.
830 0 _aWritings from the ancient world ;
_vno 2.
910 _adbm
_bjpc
_cjpc
_d20171201
942 _2ddc
_cBOOK
949 _a299.199 H5
_wDEWEY
_c1
_i77351
_lCATALOGING
_mBUL
_p15.00
_r0
_sY
_tBOOK
_u2017-12-04
_xPOSGRADO
_PP85
_0DONACION
_o.STAFF. Colección Teología
994 _aC0
_bPEPRU
596 _a1
999 _a299.199 H5
_wDEWEY
_c26479
_i77351
_d26479
_f2021-11-11
_g4
_lCCODEBUL1
_mBUL
_p15.00
_q1
_r0
_sY
_tBOOK
_u2017-12-4
_xTEOLOGIA
_PP85
_0DONACION
_o.STAFF. Colección Teología
980 _81
_gALBERTO SANCHEZ Responsable de Automatización